000 00578nam a2200217Ia 4500
005 20241129120319.0
008 241129s9999||||xx |||||||||||||| ||und||
020 _a9788180310737
037 _aTB
040 _aSDCL
_beng
_cSDCL
041 _ahin
_2hin
084 _aO152,1M89,1:g R2
_qSDCL
100 _aChaturvedi Ramswaroop
245 0 _aKamayni Ka Puran Mulyankan
260 _aDelhi
_bLokbharti prakashan India
_c2022
300 _a64p
365 _aINR
_b150
650 _aHindi
942 _cTB
_hO152,1M89,1:g R2
999 _c1234292
_d1234292